Statistics for Fictional Characters by Picture - U

Click here to take the quiz!

General Stats

  • This quiz has been taken 781 times
  • The average score is 5 of 16

Answer Stats

Answer% Correct
Ursula
90%
Ultron
68%
Unicorn
59%
Ulysses
38%
Umbreon
34%
Underdog
32%
Unikitty
31%
Uranus
31%
Usopp
21%
Ultraman
19%
Unicron
12%
Uther Pendragon
12%
Undyne
11%
Ulrich Stern
7%
Ungoliant
5%
Ubik
3%

Score Distribution

Percentile by Number Answered

Percent of People with Each Score

Your Score History

You have not taken this quiz